00569nam a2200205 a 4500001000800000005001700008008004100025010001700066020003200083035002100115040003100136041000800167042001400175080001200189082001900201100000600220101000800226245006300234504006600297158177320180127053124.0931206s1994 nyu b 001 0 eng d a 93072364  a0963645161 (pbk.) :c$12.95 a(OCoLC)29527279  aOCcOCdNjSoVAdNBuBEdDLC aeng alccopycat a617.96 00a617.96 WIN2201 a5 aSHK10aGoing under :cMonica Winefryde Furlong, Elliot T. Essman. aIncludes bibliographical references (p. [175]-180) and index.